| 000 | 01472nam0a22003011 4500 | ||
|---|---|---|---|
| 001 | rc\3547849 | ||
| 005 | 20250224170030.0 | ||
| 021 |
_aRU _b[73-20619] |
||
| 035 | _a(NLR Aleph) 007673800 | ||
| 090 |
_a6463377 _c6463377 |
||
| 100 | _a20130115d1973 |||y0rusy50 ca | ||
| 101 | 0 | _arus | |
| 102 | _aRU | ||
| 105 | _ay z ||||| | ||
| 200 | 1 |
_aВремени не подвластны _eПо материалам Фадеевских чтений _e[Сборник _fРед. коллегия: доц., канд. филол. наук М.П. Диченсков (отв. ред.) и др.] _gМ-во нар. просвещения УССР. Ворошиловгр. гос. пед. ин-т им. Т.Г. Шевченко. Краснодон. музей "Мол. гвардия" |
|
| 210 |
_aДонецк _cДонбас _d1973 |
||
| 215 |
_a115 с. _d20 |
||
| 601 | 0 | 2 |
_a"Молодая гвардия", подпольная комсомольская организация _cКраснодон, город; ЛНР _jСборники _2nlr_sh1 _2nlr_sh2 _3RU\NLR\AUTH\66180775 |
| 686 | 1 | _aЦ35(2)722.99(2Ук)я43 | |
| 686 | 1 | _aТ3(2)722.74я43 | |
| 702 | 1 |
_aДиченсков _bМ. П. _4340 |
|
| 712 | 0 | 2 |
_aВорошиловградский педагогический институт им. Т. Г. Шевченко _3RU\NLR\AUTH\889929813 |
| 801 | 0 |
_aRU _bNLR _gpsbo |
|
| 801 | 1 |
_aRU _bELAR _2rusmarc |
|
| 852 |
_aNLR _j73-3/841 |
||
| 942 | _cBOOK | ||
| 980 | _aNB | ||